000 00774nam a2200241 a 4500
008 951121s1989||||[C 0 slo c
020 _a8022000299
_c22,50
040 _aSNK
_bslo
_cSNK
_eAACR2
041 1 _aslo
_hslo
044 _axo
_cSK
080 _a885.4-94
080 _a782
080 _a929
080 _a929 Hoza, Štefan
100 1 _aHoza, Štefan
_4aut
245 1 0 _aJa svoje srdce dám... /Zv./ 1
_cŠtefan Hoza ; Ladislav Vančo
250 _a1., vyd.
260 _aBratislava
_bSlovenský spisovateľ
_c1989
_eMartin
_fTlačiarne SNP
300 _a328 s., 20,54 AH
_bFot. Noty.
_c21 cm
500 _aCena za 1.-2. zv. 45 Kčs. Rozlož. tit. list. Fot. na front. Ilustr. a noty na predsádkach. Men. reg.
700 1 _aVančo, Ladislav
_4bkd
958 _aA
999 _c15096
_d15096